000 01172nam a22003017a 4500
001 9774
003 FISKH
005 20260213163850.0
008 260213b cb ||||| |||| 00| 0 eng d
020 _a090129003990
040 _aFISKH
_beng
_cFISKH
_dFISKH
050 _aPQ2228
082 _a843.7
100 _aDumas , Alexandre
245 _aThe three musketeers /
_cBy Alexandre Dumas : Adated by Deborah Felder
260 _aNew York :
_bRandom House ,
_c1994 .
300 _a107 pages :
_billustrations ;
_c19 cm .
490 _aD'Artagnan Romances
_v1
505 _aO
520 _aClassic Literature. Fiction. HTML:The Three Musketeers follows the young d'Artagnan in his quest to become a musketeer. He befriends the three musketeers Athos, Porthos and Aramis, whose motto is "all for one, one for all." The novel is the first in Dumas' d'Artagnan Romances trilogy.
521 8 _a630
_bLexile
521 8 _aO
_bRaz-Plus
650 _aFrance-History- Louis XIII , 1610-1643
_vJuvenile Fiction
650 _aAdventure and adventures
_vFiction
700 _aAndreasen , Daniel
_eIllustrator
942 _2ddc
_cBK
_n0
999 _c9774
_d9774